Quizzes
Events
Quiz Creation
Community
Videos
Private Events
Remove Ads
Sign In
Join for FREE
Feedback
Dark Mode
Quiz Categories
Sports
Geography
Music
Movies
Television
Just For Fun
Miscellaneous
History
Literature
Language
Science
Gaming
Entertainment
Religion
Holiday
For Kids
Quiz Lab
Recent
Popular Today
Quiz Kudos Today
Editor Picks
Curator Picks
Quizzes by...
Day
Popularity
Type
Ratings
Length
Year
Community
Subscriptions
Recent Discussions
Orange Saloon
Badges
Playlists
Quests
Create
Leaderboards
Showdown
Live 5
Trivia Bingo
Activity
Puzzle Library
Sporcle Events
Private Events
Virtual Trivia
Globe League
Become a Host
Pub Owners
SporcleCon
Opinionation
Our Games
Videos
Blog
Mobile Apps
Partnerships
Remove Ads and Go Orange
Feedback
Sports
Athletes
MLB
NBA
NHL
NFL
Soccer
Sports Teams
WWE
NCAA
Football
Premier League
Basketball
Baseball
Hockey
Golf
Tennis
Cricket
Rugby
Auto Racing
Olympics
World Cup
Sports
Athletes
MLB
NBA
NHL
NFL
Soccer
Sports Teams
WWE
NCAA
Football
Premier League
Basketball
Baseball
Hockey
Golf
Tennis
Cricket
Rugby
Auto Racing
Olympics
World Cup
Random Quiz
Search Sporcle
×
Quiz Lab
Quiz Lab
Sports
WWE
Type in answers that appear in a list
Type in answers that appear in a list
Classic
Best Score? Go Orange.
All WWE Champions 1960-2016 Stats
Can you name the All WWE Champions 1960-2016?
By
ProWrestling
10m
128 Questions
417 Plays
417 Plays
417 Plays
Comments
Comments
Give Quiz Kudos
Give Quiz Kudos
-
- Ratings
hide this ad
More Info
Replay
Link that replays current quiz
Next Quiz
Link to next quiz in quiz playlist
You Got
0%
They Got
Avg Score
89%
Avg Friend Score
Upgrade to see
Score Distribution
Jump to the score distribution portion of the page
Score
0/128
Timer
10:00
0
Plays Today
Hint
Answer
% Correct
Triple H
97.8%
Triple H
97.8%
Triple H
97.8%
Triple H
97.8%
Triple H
97.8%
Triple H
97.8%
Triple H
97.8%
Triple H
97.8%
Triple H
97.8%
Hulk Hogan
96.6%
Hulk Hogan
96.6%
Hulk Hogan
96.6%
Hulk Hogan
96.6%
Hulk Hogan
96.6%
John Cena
96.6%
John Cena
96.6%
John Cena
96.6%
John Cena
96.6%
John Cena
96.6%
John Cena
96.6%
John Cena
96.6%
John Cena
96.6%
John Cena
96.6%
John Cena
96.6%
John Cena
96.6%
John Cena
96.6%
The Rock
96.2%
The Rock
96.2%
The Rock
96.2%
The Rock
96.2%
The Rock
96.2%
The Rock
96.2%
The Rock
96.2%
The Rock
96.2%
Roman Reigns
94.7%
Roman Reigns
94.7%
Roman Reigns
94.7%
Undertaker
94.5%
Undertaker
94.5%
Undertaker
94.5%
Undertaker
94.5%
Steve Austin
93.8%
Steve Austin
93.8%
Hint
Answer
% Correct
Steve Austin
93.8%
Steve Austin
93.8%
Steve Austin
93.8%
Steve Austin
93.8%
Seth Rollins
93.5%
Seth Rollins
93.5%
Dean Ambrose
93.5%
Randy Orton
92.8%
Randy Orton
92.8%
Randy Orton
92.8%
Randy Orton
92.8%
Randy Orton
92.8%
Randy Orton
92.8%
Randy Orton
92.8%
Randy Orton
92.8%
Hogan
92.6%
Shawn Michaels
92.3%
Shawn Michaels
92.3%
Shawn Michaels
92.3%
Bret Hart
92.1%
Bret Hart
92.1%
Bret Hart
92.1%
Bret Hart
92.1%
Bret Hart
92.1%
Kane
91.6%
CM Punk
91.6%
CM Punk
91.6%
Brock Lesnar
90.9%
Brock Lesnar
90.9%
Brock Lesnar
90.9%
Edge
90.9%
Edge
90.9%
Edge
90.9%
Edge
90.9%
Brock Lesnar
90.9%
Big Show
90.2%
Big Show
90.2%
Sheamus
89%
Sheamus
89%
Sheamus
89%
Randy Savage
88%
Randy Savage
88%
Kurt Angle
87.8%
Hint
Answer
% Correct
Kurt Angle
87.8%
Kurt Angle
87.8%
Kurt Angle
87.8%
Chris Jericho
87.5%
AJ Styles
87.5%
Ultimate Warrior
87.1%
Ric Flair
87.1%
Ric Flair
87.1%
Batista
86.8%
Batista
86.8%
Bruno Sammartino
86.3%
Bruno Sammartino
86.3%
The Miz
86.3%
Daniel Bryan
85.6%
Daniel Bryan
85.6%
Daniel Bryan
85.6%
Eddie Guerrero
84.9%
Rey Mysterio
84.4%
Yokozuna
83.2%
Yokozuna
83.2%
Mankind
83%
Mankind
83%
Mankind
83%
JBL
83%
Andre the Giant
82.7%
Diesel
79.9%
Jeff Hardy
79.6%
Mr. McMahon
79.4%
Bob Backlund
78.7%
Bob Backlund
78.7%
Sid
75.3%
Sid
75.3%
Sgt. Slaughter
74.6%
Alberto Del Rio
73.4%
Alberto Del Rio
73.4%
The Iron Sheik
73.1%
Buddy Rogers
72.2%
Pedro Morales
71.5%
Rob Van Dam
65.7%
Superstar Billy Graham
64.5%
Ivan Koloff
62.8%
Stan Stasiak
57.6%
Quiz Playlist
Details
Report
Send in Message
Add To Playlist
More Info:
Can You Name all the Champions
Classic:
Type in answers that appear in a list
Last Updated: Feb 16, 2017
Quiz Scoreboard
CHALLENGE
Sign Up to Join the Scoreboard
Show All
Scores
Hide
Comments
May contain spoilers
Recently Published
An Introduction to Baseball
by treessimontrees
Sports
5m
Movies - When Are They Set?
by FPL_Elf
Movies
5m
Popular People in 1961
by mucciniale
History
6m
More to Explore
Quiz From the Vault
Featured Blog Post
Where Did the Easter Bunny Come From?
hide this ad
You Might Also Like...
Tags
WWE Quiz
champion
Today's Top Quizzes in Sports
Browse Sports
hide this ad
Today's Top Quizzes in WWE
Browse WWE
Top Contributed Quizzes in Sports
1
Les meilleurs buteurs des matchs entre le PSG et l’OM
2
2022 World Cup Stars
3
FIFA Club World Cup Champions
4
Les entraîneurs de l'OM et du PSG au 21e siècle
5
Name the Premier League winners with different clubs
6
La finale Lions - Afrique du Sud 2021
7
Les joueurs passés par le LOSC et le RC Lens
8
Criteria MLB: Left Handed Sluggers
9
Players with Multiple 50 Home Run Seasons
10
5-to-1: UK Sports Teams
Explore More
Trending Topics
Disney
Crossword
Marvel
NBA
Kpop
Harry Potter
Anime
Pokémon
The Office
Song
Puzzle
WWE
NFL
Soccer
Country
hide this ad
More By:
ProWrestling
Quiz
Plays
Rating
Category
Featured
Created
All WWE Champions 1960-2016
417
3.40
Sports
Jul 17, 2016
WWE Best Current Win Loss Records
335
1.50
Entertainment
Aug 12, 2016
Go to Creator's Profile
Score Distribution
Quiz Creator Spotlight
ProWrestling
Follow
Send a Message
Quizzes Created
-
Created Quiz Play Count
-
More By This Creator
Popular Quizzes Today
1
Find the Countries of Europe - No Outlines Minefield
2
Find the US States - No Outlines Minefield
3
The Countries of the World
4
Popular People in 1961
5
US States
6
Find the US States
7
1-10 Letter E Words III
8
Risky Map Clicking: Biggest States A-Z
More Sports Quizzes
Alexa Bliss WWE PPV Opponents
Quiz Lab
Trending Quizzes
Risky Map Clicking: Least Populous States A-Z
1-10 Letter F Words
1-10 Letter G Words
One Thing in Common: United Kingdom
Not Quite an Element Typing Challenge
Recently Updated
Leaping Animals
pecheneg
Reality TV Shows (A-Z)
bhenderson79
Rickey Henderson's Hall of Fame Teammates
pecheneg
Champions League XIs: Arsenal
pecheneg
Quick Pick: Celebrities in WWE's Hall of Fame
aduchscher
A-Z Keypad Blitz II
pecheneg
Multiple Oscar Actors
pecheneg
Mystery Phrase Blitz: Oscar 'Best Actors'
pecheneg
F. Scott Fitzgerald Novels
LTH
Pick 3 Villains
ddd62291
Trending Topics
Anime
Crossword
Disney
Harry Potter
Kpop
NBA
Marvel
Country
Puzzle
Pokémon
WWE
NFL
Song
Soccer
The Office
Your Account Isn't Verified!
In order to create a playlist on Sporcle, you need to verify the email address you used during registration. Go to your
Sporcle Settings
to finish the process.
Report this User
Report this user for behavior that violates our
Community Guidelines
.
Details:
Send Report
Go to the Sporcle.com Mobile Site →
Comments